El Domador del Águila y del Viento : (Record no. 23532)

000 -CABECERA
fixed length control field 00686nam a22001697i 4500
003 - IDENTIFICADOR DEL NÚMERO DE CONTROL
control field AR-CdUCM
008 - DATOS DE LONGITUD FIJA--INFORMACIÓN GENERAL
fixed length control field 260227b20212021 pe||||| |||| 00| 0 spa d
040 ## - FUENTE DE LA CATALOGACIÓN
Agencia/entidad que catalogó originalmente la obra MUNICIPALIDAD PROVINCIAL DEL CUSCO
Entidad que transcribió la catalogación BIBLIOTECA MUNICIPAL DEL CUSCO
082 ## - NÚMERO DE LA CLASIFICACIÓN DECIMAL DEWEY
No. de Clasificación EP / 869.56
Notacion interna C2481D
100 ## - ENTRADA PRINCIPAL--NOMBRE DE PERSONA
Nombre Personal Camus Sánchez, Juan Reynaldo
245 ## - MENCIÓN DE TÍTULO
Título El Domador del Águila y del Viento :
Resto del título Un viaje fantástico, místico y extraordinario por el mundo llevando la buena nueva de la preservación, cuidado y dosificación del medio ambiente de la tierra en donde vivimos.
300 ## - DESCRIPCIÓN FÍSICA
Nº de Páginas Extensión 56 páginas. :
Dimensiones 29x20 cm.
505 ## - NOTA DE CONTENIDO CON FORMATO
Nota de contenido formateada El domador
942 ## - ELEMENTOS DE PUNTO DE ACCESO ADICIONAL (KOHA)
Fuente de clasificación
Tipo de item Libros-BMC
945 ## - PROCESAMIENTO DE INFORMACIÓN LOCAL (OCLC)
Catalogador pbjr
AAAA-MM-DD - Fecha de ingreso o modificacion 27-02-2026
Holdings
Estado de retiro (separado) Fuente de clasificación o esquema de estanterías Estado dañado Ubicación Sala donde se ubica Nombre de la colección Fecha de adquisición o compra Fuente de adquisición Costo, precio normal en soles Signatura topográfica Código de Barras Última vez visto (Koha) Tipo de ítem (Koha)
No     Sala de Infantes Sala de Infantes Book Cart 2026-02-27 Donación 10.00 EP / 869.56 / C2481D SI00005156 2026-02-27 Libros-BMC

Powered by Koha